Olympics medal table - Shooting - Statistics

General Stats
  • This quiz has been taken 26 times
  • The average score is 12 of 16
Answer Stats
Total Gold Silver Bronze Nation % Correct
116 57 31 28 United States
100%
67 26 16 25 China
92%
24 10 9 5 Germany
92%
30 9 12 9 France
88%
47 13 15 19 Great Britain
88%
43 16 16 11 Italy
88%
17 7 9 1 South Korea
88%
31 7 13 11 Russia
83%
49 27 15 17 Soviet Union
71%
17 7 3 7 Hungary
63%
21 4 7 10 Finland
58%
57 15 24 18 Sweden
58%
23 7 6 10 Switzerland
54%
19 3 11 5 Denmark
50%
32 13 8 11 Norway
50%
17 4 7 6 Bulgaria
46%
No matching quizzes found
Score Distribution
Percent of People with Each Score
Percentile by Number Answered
Your Score History
You have not taken this quiz